| 000 | 01783nam a2200265Ia 4500 | ||
|---|---|---|---|
| 003 | Ost | ||
| 005 | 20260507075231.0 | ||
| 008 | 260507s9999||||xx |||||||||||||| ||und|| | ||
| 020 | _a64732499579 | ||
| 040 | _cfsecg | ||
| 041 | _aara | ||
| 082 | _a330 | ||
| 100 |
_aأبو الرب، عماد _eمؤلف |
||
| 245 | 0 |
_aضمانات الجودة في مؤسسات التعليم العالي : _bبحوث و دراسات / _c عماد أبو الرب |
|
| 260 |
_aعمان: _bدار صفاء, _c2009 |
||
| 300 |
_a592 صفحة؛ _bإيضاحات ؛ _c24 سم |
||
| 504 | _aمراجع ص.569 | ||
| 520 | _aنظام إدارة الجودة الشاملة ، التخطيط الاستراتيجي لضمان الجودة ، التكامل بين ادارة الجودة الشاملة و الادارة الاستراتيجية للجامعات ، ادارة الجودة الشاملة في المؤسسات التعليمية ، أثر إدارة الجودة الشاملة في تحسين أداء المؤسسة التعليمية ، رأي أصحاب العلاقة في تطبيق إدارة الجودة الشاملة ، جوائز الجودة الدولية و المحلية ، تقويم جودة أداء الكلية ، تقويم جودة البرنامج الأكاديمي ، اعتماد البرنامج الاكاديمي ، جودة الخدمات التعليمية الالكترونية ، تقويم جودة أداء عضو هيئة التدريس،مع إدراج بعض التجارب العلمية. | ||
| 653 | _aالإيزو | ||
| 653 | _aالتعليم العالي | ||
| 653 | _aالجامعات | ||
| 653 | _aضبط الجودة- التعليم | ||
| 700 |
_a قدادة، عيسى وآخرون _eمؤلف ثانوي |
||
| 942 | _cكتاب | ||
| 999 |
_c43562 _d43562 |
||